[Event "BL 8990 Solingen-Delmenhorst"]
[Site "?"]
[Date "1990.??.??"]
[Round "?.8"]
[White "Podzielny, K."]
[Black "Ditt, E."]
[Result "1-0"]
[WhiteElo "2430"]
[BlackElo "2310"]
[PlyCount "99"]
[EventDate "1990.??.??"]

1. d4 g6 2. c4 Bg7 3. Nc3 f5 4. g3 Nf6 5. Bg2 O-O 6. Nh3 d6 7. d5 c6 8. Nf4
cxd5 9. cxd5 Na6 10. h4 Nc5 11. O-O Qa5 12. Bd2 Qb6 13. Rb1 Bd7 14. Be3 Ng4 15.
Bd4 Bxd4 16. Qxd4 Na4 17. Qd2 Rfc8 18. h5 Kf7 19. Nxa4 Bxa4 20. b3 Bd7 21. e4
Ne5 22. Ne6 Bxe6 23. dxe6+ Kxe6 24. Qh6 Kd7 25. exf5 gxf5 26. Bd5 Rf8 27. Be6+
Ke8 28. Qxh7 Nf3+ 29. Kg2 Qd4 30. Bxf5 Qe5 31. Bg4 Qf6 32. Qe4 Ne5 33. Qxb7 Kf7
34. Be2 Kg7 35. Rbc1 Rab8 36. Qe4 a5 37. f4 Nf7 38. g4 d5 39. Qd3 Rb7 40. g5
Qd6 41. h6+ Kh8 42. Qf5 Rbb8 43. Qg4 Rg8 44. Rc3 e5 45. Rg3 exf4 46. g6 f3+ 47.
Rfxf3 Ne5 48. g7+ Kh7 49. Bd3+ Nxd3 50. Qf5+ 1-0

[Event "BL 8990 Regensburg-Koblenz"]
[Site "?"]
[Date "1990.??.??"]
[Round "?.1"]
[White "Garcia Palermo, C."]
[Black "Meduna, E."]
[Result "0-1"]
[WhiteElo "2465"]
[BlackElo "2475"]
[PlyCount "69"]
[EventDate "1990.??.??"]

1. c4 c6 2. Nf3 d5 3. e3 Bf5 4. cxd5 cxd5 5. Qb3 Qc7 6. Nc3 e6 7. Bb5+ Nc6 8.
Nd4 Bg6 9. Qa4 Nge7 10. b3 a6 11. Ba3 Rc8 12. Rc1 axb5 13. Ncxb5 Qb6 14. Bc5
Qd8 15. Nd6+ Kd7 16. Qb5 Qa5 17. Nxc6 Nxc6 18. Qxa5 Nxa5 19. Nxc8 Bxc5 20. Rxc5
Rxc8 21. Rxc8 Kxc8 22. Ke2 Kd7 23. d3 Nc6 24. a3 Kc7 25. Rc1 Kb6 26. Kd2 d4 27.
e4 f6 28. f4 Be8 29. b4 Bd7 30. Kc2 Na7 31. Kb3 Nb5 32. Rc4 e5 33. fxe5 Be6 34.
a4 fxe5 35. Kc2 0-1

[Event "BL 8990 Regensburg-Koblenz"]
[Site "?"]
[Date "1990.??.??"]
[Round "?.2"]
[White "Gross, S."]
[Black "Braga, F."]
[Result "1/2-1/2"]
[WhiteElo "2435"]
[BlackElo "2470"]
[PlyCount "91"]
[EventDate "1990.??.??"]

1. Nf3 Nf6 2. c4 g6 3. Nc3 Bg7 4. e4 d6 5. d4 O-O 6. Be2 e5 7. d5 Na6 8. Be3
Nc5 9. Nd2 a5 10. a3 Ne8 11. b4 axb4 12. axb4 Rxa1 13. Qxa1 Na6 14. Qa3 f5 15.
Nb3 Nf6 16. b5 Nb8 17. Qa8 Nbd7 18. O-O b6 19. exf5 gxf5 20. Bg5 Nc5 21. Nxc5
dxc5 22. Rd1 Qd6 23. Qc6 Ne8 24. Na4 Bd7 25. Qxd6 Nxd6 26. Be7 Rb8 27. Ra1 e4
28. Ra2 Kf7 29. Bg5 Ra8 30. Kf1 Bf6 31. Bf4 Ke7 32. Nc3 Rg8 33. Nd1 Bg5 34. g3
Bxf4 35. gxf4 Bc8 36. Ra3 Bb7 37. Rh3 Rg7 38. Rh6 Bc8 39. Rh3 Bb7 40. Ne3 Bc8
41. Rg3 Kf6 42. Bh5 Bd7 43. Kg2 Re7 44. Rg8 Rg7+ 45. Rxg7 Kxg7 46. Kg3 1/2-1/2

[Event "BL 8990 Regensburg-Koblenz"]
[Site "?"]
[Date "1990.??.??"]
[Round "?.3"]
[White "Seul, G."]
[Black "Speckner, R."]
[Result "1-0"]
[WhiteElo "2355"]
[BlackElo "2235"]
[PlyCount "99"]
[EventDate "1990.??.??"]

1. d4 Nf6 2. Nf3 g6 3. c4 Bg7 4. Nc3 O-O 5. e4 d6 6. Be2 e5 7. d5 a5 8. Bg5 Na6
9. O-O Bd7 10. Ne1 h6 11. Bh4 Qe8 12. Nd3 g5 13. Bg3 Nxe4 14. Nxe4 f5 15. Bh5
Qe7 16. f3 fxe4 17. fxe4 Rxf1+ 18. Kxf1 c6 19. Kg1 cxd5 20. cxd5 b5 21. Be1 Nc7
22. Nf2 b4 23. Ng4 Nb5 24. Rc1 Nd4 25. Ne3 Bb5 26. Bg4 Bd7 27. h3 Rf8 28. Bg3
Qd8 29. Qd3 Bb5 30. Qd2 Qb6 31. Kh2 Bf6 32. Nf5 Nxf5 33. Bxf5 Bd8 34. Bf2 Qb7
35. Be3 Bb6 36. h4 Bxe3 37. Qxe3 Bd7 38. Bxd7 Qxd7 39. hxg5 h5 40. Rc6 Rf1 41.
Qe2 Qf7 42. Rc8+ Kg7 43. Rc7 Rh1+ 44. Kxh1 Qxc7 45. Qf1 a4 46. Qf6+ Kg8 47. Kh2
a3 48. bxa3 bxa3 49. g6 Qa7 50. Kh3 1-0

[Event "BL 8990 Regensburg-Koblenz"]
[Site "?"]
[Date "1990.??.??"]
[Round "?.4"]
[White "Mandl, Ro"]
[Black "Wolf, V."]
[Result "1-0"]
[WhiteElo "2285"]
[BlackElo "2340"]
[PlyCount "82"]
[EventDate "1990.??.??"]

1. Nf3 Nf6 2. c4 e6 3. g3 d5 4. Bg2 c5 5. cxd5 exd5 6. d4 Nc6 7. O-O Be7 8. Nc3
c4 9. Ne5 O-O 10. Nxc6 bxc6 11. b3 Bb4 12. Bd2 Qa5 13. Qc2 Ba6 14. Rfc1 Rab8
15. e4 Rfd8 16. e5 Nd7 17. a3 cxb3 18. Qxb3 Bc5 19. Qd1 Bxd4 20. Nxd5 Qb5 21.
Rab1 Bb2 22. Ne7+ Kh8 23. Nxc6 Nxe5 24. Nxd8 Rxd8 25. Qc2 Nd3 26. Qc7 Rg8 27.
Rd1 Qf5 28. Qxa7 Bc4 29. Qe3 Rd8 30. Be1 Qf6 31. Qf3 Qe5 32. Bb4 Bd4 33. Rd2 f5
34. h4 Re8 35. Rbd1 Ne1 36. Qf4 Qxf4 37. gxf4 Nxg2 38. Rxd4 Be2 39. Kxg2 Bxd1
40. Rxd1 h6 41. Kf3 Rc8 1-0

[Event "BL 8990 Regensburg-Koblenz"]
[Site "?"]
[Date "1990.??.??"]
[Round "?.5"]
[White "Bayer, E."]
[Black "Rother, C."]
[Result "1-0"]
[WhiteElo "2355"]
[BlackElo "2360"]
[PlyCount "89"]
[EventDate "1990.??.??"]

1. d4 Nf6 2. c4 e6 3. Nf3 Bb4+ 4. Nbd2 c5 5. a3 Bxd2+ 6. Bxd2 b6 7. dxc5 bxc5
8. g3 Bb7 9. Bg2 Ne4 10. O-O Nc6 11. Be3 Qe7 12. Nd2 Nxd2 13. Qxd2 d6 14. b4
O-O 15. bxc5 dxc5 16. Rab1 Rac8 17. Rb5 Rfd8 18. Qb2 Ba6 19. Rxc5 Qd6 20. Rc1
f6 21. Be4 h6 22. h4 Rc7 23. Bg2 Rdc8 24. Bh3 Kf7 25. h5 Kg8 26. Qc2 Bb7 27.
Rd1 Qe7 28. Qg6 Kh8 29. Qg4 f5 30. Qf4 Rf8 31. Bg2 e5 32. Qh4 Rf6 33. Rb5 Qxa3
34. Bc5 Qa4 35. Rdb1 Ba6 36. R5b2 Qxc4 37. Qxc4 Bxc4 38. Rc1 Ba6 39. Ba3 e4 40.
Rbc2 Bb5 41. Rc5 Bxe2 42. Bb2 Re6 43. Rxf5 Rb7 44. Rf8+ Kh7 45. Rxc6 1-0

[Event "BL 8990 Regensburg-Koblenz"]
[Site "?"]
[Date "1990.??.??"]
[Round "?.6"]
[White "Jell, K."]
[Black "Brueckner, T."]
[Result "0-1"]
[WhiteElo "2240"]
[BlackElo "2410"]
[PlyCount "78"]
[EventDate "1990.??.??"]

1. e4 e5 2. Bc4 Nf6 3. d3 Nc6 4. Nf3 Be7 5. O-O O-O 6. c3 d5 7. exd5 Nxd5 8.
Re1 Bg4 9. h3 Bh5 10. Nbd2 a6 11. Ne4 Nb6 12. Bb3 Bg6 13. Be3 Kh8 14. Nc5 Rb8
15. Qd2 Nd7 16. Nxd7 Qxd7 17. Rad1 Rbd8 18. d4 Bh5 19. dxe5 Qc8 20. Qc2 Bxf3
21. gxf3 Nxe5 22. Kg2 Bd6 23. Qe4 Rde8 24. Rg1 f5 25. Qd5 Ng6 26. f4 Bxf4 27.
Bd4 Be5 28. Bxe5 Nxe5 29. Qd4 f4 30. Rde1 Qf5 31. Qe4 Qh5 32. Bd1 Qh4 33. Qd5
c6 34. Qd6 f3+ 35. Kh2 Qxf2+ 36. Kh1 Qh4 37. Kh2 f2 38. Rxe5 fxg1=Q+ 39. Kxg1
Qg3+ 0-1

[Event "BL 8990 Regensburg-Koblenz"]
[Site "?"]
[Date "1990.??.??"]
[Round "?.7"]
[White "Doncevic, D."]
[Black "Schmid, G."]
[Result "1-0"]
[WhiteElo "2335"]
[BlackElo "2315"]
[PlyCount "159"]
[EventDate "1990.??.??"]

1. d4 d5 2. Nf3 c5 3. g3 Nc6 4. Bg2 e6 5. O-O Nf6 6. c4 Be7 7. Nc3 O-O 8. cxd5
exd5 9. b3 Ne4 10. Bb2 Bf6 11. Na4 b6 12. Rc1 Ba6 13. dxc5 Bxb2 14. Nxb2 bxc5
15. Nd2 Nd4 16. Re1 Nf6 17. Na4 Qe7 18. e4 dxe4 19. Nxc5 Bb5 20. a4 Bc6 21.
Ndxe4 Rad8 22. Rc4 Ne6 23. Qc1 Nxe4 24. Nxe6 fxe6 25. Bxe4 Qf6 26. Qe3 Bd5 27.
Bxd5 exd5 28. Rf4 Qb2 29. Qe6+ Kh8 30. Qxd5 h6 31. Rxf8+ Rxf8 32. Qc5 Rb8 33.
Re3 Qd2 34. Rf3 a5 35. Rf8+ Rxf8 36. Qxf8+ Kh7 37. Qf5+ Kh8 38. Qf8+ Kh7 39.
Qf5+ Kh8 40. Kg2 Qd8 41. Qe4 Qd2 42. Qe3 Qd5+ 43. Qf3 Qd2 44. Qe4 Kg8 45. Qe8+
Kh7 46. Qe4+ Kg8 47. Qe3 Qd5+ 48. Qf3 Qd2 49. Qe4 Kh8 50. Qc4 Qd7 51. Qb5 Qd2
52. Qc5 Kh7 53. Qe3 Qd5+ 54. Qf3 Qd2 55. Qc6 Kh8 56. Qc8+ Kh7 57. Qc5 Kh8 58.
Qe3 Qd5+ 59. Qf3 Qd2 60. Qf7 Qd8 61. h3 Qd2 62. Qe8+ Kh7 63. Qe4+ Kh8 64. Qc4
Kh7 65. Kf3 Kh8 66. Qc8+ Kh7 67. Qe6 Kh8 68. Qe8+ Kh7 69. Qe3 Qd1+ 70. Ke4 Kh8
71. Qd3 Qe1+ 72. Kf3 Qe7 73. Qd5 Qf6+ 74. Kg2 Qc3 75. Qc4 Qd2 76. Qc8+ Kh7 77.
Qf5+ Kh8 78. Qf8+ Kh7 79. Qf5+ Kh8 80. g4 1-0

[Event "BL 8990 Regensburg-Koblenz"]
[Site "?"]
[Date "1990.??.??"]
[Round "?.8"]
[White "Muehl, T."]
[Black "Schlick, V."]
[Result "0-1"]
[WhiteElo "2280"]
[BlackElo "2295"]
[PlyCount "56"]
[EventDate "1990.??.??"]

1. Nf3 g6 2. g3 Bg7 3. d4 c5 4. c3 cxd4 5. Nxd4 Nc6 6. Nc2 d6 7. Bg2 Bd7 8. O-O
Qc8 9. e4 Bh3 10. Ne3 Bxg2 11. Nxg2 Nf6 12. Qe2 O-O 13. f3 Rb8 14. b3 b5 15.
Bb2 Qb7 16. Nd2 a5 17. Rfc1 a4 18. Rab1 d5 19. e5 a3 20. Ba1 Qb6+ 21. Kh1 Nxe5
22. c4 Nc6 23. cxd5 Nb4 24. Ne4 Nbxd5 25. Nxf6+ Bxf6 26. Bxf6 Qxf6 27. Qd3 Rfd8
28. b4 Nc3 0-1

[Event "BL 8990 Bamberg-Porz"]
[Site "?"]
[Date "1990.??.??"]
[Round "?.1"]
[White "Hort, V."]
[Black "Unzicker, W."]
[Result "1/2-1/2"]
[WhiteElo "2570"]
[BlackElo "2475"]
[PlyCount "60"]
[EventDate "1990.??.??"]

1. e4 e5 2. Nf3 Nc6 3. d4 exd4 4. Nxd4 Bc5 5. Nb3 Bb6 6. a4 a6 7. Nc3 Nge7 8.
g3 d6 9. Bg2 O-O 10. O-O f5 11. Nd5 Ba7 12. a5 fxe4 13. Bxe4 Bf5 14. Ra4 Qd7
15. Be3 Bxe3 16. Nxe3 Bxe4 17. Rxe4 Rad8 18. c3 Nf5 19. Nd5 Nfe7 20. Nf4 Qf5
21. Qe2 Ng6 22. Ne6 Rde8 23. f3 Rf7 24. Nxc7 Rxe4 25. fxe4 Qxf1+ 26. Qxf1 Rxf1+
27. Kxf1 Nge5 28. Nd4 Nxa5 29. Ke2 Kf7 30. Nd5 g6 1/2-1/2

[Event "BL 8990 Bamberg-Porz"]
[Site "?"]
[Date "1990.??.??"]
[Round "?.2"]
[White "Pfleger, He"]
[Black "Christiansen, L."]
[Result "1/2-1/2"]
[WhiteElo "2505"]
[BlackElo "2555"]
[PlyCount "81"]
[EventDate "1990.??.??"]

1. c4 g6 2. g3 Bg7 3. Bg2 c5 4. Nc3 Nc6 5. Nf3 e6 6. O-O Nge7 7. d3 O-O 8. Bd2
b6 9. a3 Bb7 10. Rb1 d5 11. b4 cxb4 12. axb4 dxc4 13. dxc4 Rc8 14. c5 bxc5 15.
bxc5 Na5 16. Nb5 Rxc5 17. Qa4 a6 18. Bxa5 Qe8 19. Qa3 Rxb5 20. Bb4 Bf6 21. Bc5
Bd5 22. Bxe7 Qxe7 23. Qxa6 Rc5 24. Rfc1 Be4 25. Rxc5 Qxc5 26. Qb5 Qxb5 27. Rxb5
Rd8 28. h4 Rd1+ 29. Kh2 h6 30. Ne5 Rb1 31. Rc5 Bxg2 32. Kxg2 Rb2 33. e3 Kg7 34.
Kf3 Bd8 35. Nd3 Rd2 36. Ne5 h5 37. Rb5 Bf6 38. Rc5 Ra2 39. Rb5 Rd2 40. Nc4 Ra2
41. Ne5 1/2-1/2

[Event "BL 8990 Bamberg-Porz"]
[Site "?"]
[Date "1990.??.??"]
[Round "?.3"]
[White "Miles, A."]
[Black "Meister, P."]
[Result "0-1"]
[WhiteElo "2580"]
[BlackElo "2425"]
[PlyCount "108"]
[EventDate "1990.??.??"]

1. d4 e6 2. c4 f5 3. g3 Nf6 4. Bg2 d5 5. Nf3 c6 6. O-O Bd6 7. b3 Qe7 8. a4 a5
9. Ba3 b6 10. Qc2 Bb7 11. cxd5 cxd5 12. Ne5 O-O 13. Rc1 Na6 14. Bxd6 Qxd6 15.
Na3 Rfc8 16. Nb5 Qe7 17. Qd2 Nb4 18. Rxc8+ Rxc8 19. Rc1 Qd8 20. Rxc8 Qxc8 21.
f3 Ba6 22. Nc3 Nd7 23. Nxd7 Qxd7 24. Kf2 Qd6 25. Bf1 Nc6 26. Nb5 Qb4 27. Qxb4
axb4 28. Nc7 Bb7 29. e3 Kf7 30. Bd3 Na5 31. Ba6 Bxa6 32. Nxa6 Nc6 33. Ke2 Ke7
34. Kd3 Kd7 35. a5 Nxa5 36. Nxb4 Nxb3 37. h4 Kd6 38. Kc3 Na5 39. Kd3 Nc6 40.
Na2 e5 41. Nc3 e4+ 42. fxe4 fxe4+ 43. Kd2 Na5 44. Na2 h5 45. Nb4 Nc6 46. Nc2
Ne7 47. Ke2 Kc6 48. Na3 b5 49. Nc2 Kb6 50. Kf2 Ka5 51. g4 hxg4 52. Kg3 Ka4 53.
Kxg4 Kb3 54. Ne1 Kc3 0-1

[Event "BL 8990 Bamberg-Porz"]
[Site "?"]
[Date "1990.??.??"]
[Round "?.4"]
[White "Kurz, A."]
[Black "Fleck, J."]
[Result "1-0"]
[WhiteElo "2285"]
[BlackElo "2415"]
[PlyCount "93"]
[EventDate "1990.??.??"]

1. d4 Nf6 2. c4 g6 3. Nc3 Bg7 4. e4 d6 5. Nf3 O-O 6. Be2 e5 7. O-O Nc6 8. d5
Ne7 9. Ne1 Nd7 10. Nd3 f5 11. Bd2 Nf6 12. f3 Kh8 13. Rc1 Neg8 14. c5 Rf7 15.
cxd6 cxd6 16. a4 Bf8 17. b4 f4 18. Nb5 Bd7 19. Nf2 Ne8 20. Qb3 Rg7 21. Rc2 g5
22. g4 Ngf6 23. a5 h5 24. h3 Rh7 25. Kg2 Be7 26. Rfc1 Qb8 27. Nc7 Nxc7 28. Rxc7
Bd8 29. R7c2 b5 30. Nd3 a6 31. Nc5 dxc5 32. bxc5 Ne8 33. Bb4 Ra7 34. Rd2 Be7
35. d6 Bc6 36. dxe7 Raxe7 37. Rcd1 hxg4 38. hxg4 Qc7 39. Rd6 Rh4 40. Bc3 Ng7
41. Rf6 Kh7 42. Rdd6 Be8 43. Qd5 Bf7 44. Rxf7 Rxf7 45. Bxe5 Re7 46. Bf6 Rh6 47.
e5 1-0

[Event "BL 8990 Bamberg-Porz"]
[Site "?"]
[Date "1990.??.??"]
[Round "?.5"]
[White "Lutz, C."]
[Black "Goehring, K."]
[Result "1-0"]
[WhiteElo "2410"]
[BlackElo "2310"]
[PlyCount "63"]
[EventDate "1990.??.??"]

1. d4 Nf6 2. c4 e6 3. Nc3 d5 4. Bg5 Be7 5. Nf3 O-O 6. e3 Nbd7 7. Bd3 dxc4 8.
Bxc4 c5 9. O-O a6 10. a4 h6 11. Bh4 b6 12. Qe2 Bb7 13. Rfd1 Nh5 14. dxc5 Bxh4
15. Nxh4 Nhf6 16. c6 Bxc6 17. Bxa6 Qe7 18. Bb5 Rfc8 19. Nf3 Bb7 20. Nd2 Ne5 21.
Nc4 Nxc4 22. Bxc4 Qc5 23. Bb5 e5 24. Rac1 Qb4 25. h3 Rd8 26. Rd2 Ne4 27. Nxe4
Qxe4 28. f3 Qb4 29. Rcd1 Rxd2 30. Qxd2 Qb3 31. Rc1 Ba6 32. Rc3 1-0

[Event "BL 8990 Bamberg-Porz"]
[Site "?"]
[Date "1990.??.??"]
[Round "?.7"]
[White "Ostermeyer, P."]
[Black "Kestler, H."]
[Result "1/2-1/2"]
[WhiteElo "2465"]
[BlackElo "2355"]
[PlyCount "82"]
[EventDate "1990.??.??"]

1. e4 c5 2. Nf3 d6 3. c3 Nf6 4. Be2 e6 5. O-O Be7 6. Re1 O-O 7. Bf1 Nc6 8. d4
d5 9. e5 Nd7 10. Bd3 c4 11. Bc2 b5 12. h4 Bxh4 13. Nxh4 Qxh4 14. Re3 f5 15. Rh3
Qe7 16. Qh5 g6 17. Qh6 Bb7 18. Bg5 Qf7 19. Nd2 Qg7 20. Qh4 h5 21. Qf4 Rfe8 22.
Nf3 Nd8 23. Bh6 Qh7 24. Rg3 Nf7 25. Nh4 Nh8 26. Re1 Kf7 27. Nf3 Kg8 28. Nh4 Kf7
29. Bd1 Rg8 30. Ree3 Ke8 31. Bxh5 Kd8 32. Qg5+ Kc7 33. Bxg6 Nxg6 34. Nxg6 f4
35. Qxf4 Rxg6 36. Rxg6 Qxg6 37. Rg3 Qb1+ 38. Kh2 Rh8 39. Rg7 Bc6 40. Qf6 Re8
41. Qf7 Rh8 1/2-1/2

[Event "BL 8990 Koblenz-Bamberg"]
[Site "?"]
[Date "1990.??.??"]
[Round "?.1"]
[White "Unzicker, W."]
[Black "Garcia Palermo, C."]
[Result "1/2-1/2"]
[WhiteElo "2475"]
[BlackElo "2465"]
[PlyCount "45"]
[EventDate "1990.??.??"]

1. e4 c6 2. d4 d5 3. Nd2 dxe4 4. Nxe4 Bf5 5. Ng3 Bg6 6. Nf3 Nd7 7. Bd3 e6 8.
O-O Ngf6 9. Re1 Be7 10. c4 O-O 11. Bxg6 hxg6 12. Bf4 a5 13. Qc2 a4 14. Rad1 Qa5
15. Ne4 Nxe4 16. Qxe4 Nf6 17. Qc2 Rfd8 18. Bg5 Rac8 19. Re5 Qa6 20. Re2 b5 21.
b3 axb3 22. axb3 Bf8 23. Be3 1/2-1/2

[Event "BL 8990 Koblenz-Bamberg"]
[Site "?"]
[Date "1990.??.??"]
[Round "?.2"]
[White "Braga, F."]
[Black "Pfleger, He"]
[Result "1/2-1/2"]
[WhiteElo "2470"]
[BlackElo "2505"]
[PlyCount "35"]
[EventDate "1990.??.??"]

1. e4 c6 2. d4 d5 3. Nc3 dxe4 4. Nxe4 Nd7 5. Nf3 Ngf6 6. Nxf6+ Nxf6 7. Ne5 Be6
8. Be2 g6 9. O-O Bg7 10. c3 O-O 11. Nd3 Bc4 12. Ne5 Bxe2 13. Qxe2 Nd7 14. Bf4
Nxe5 15. Bxe5 Bxe5 16. Qxe5 e6 17. Rfe1 Qd5 18. Kf1 1/2-1/2

[Event "BL 8990 Koblenz-Bamberg"]
[Site "?"]
[Date "1990.??.??"]
[Round "?.3"]
[White "Meister, P."]
[Black "Wolf, V."]
[Result "1-0"]
[WhiteElo "2425"]
[BlackElo "2340"]
[PlyCount "105"]
[EventDate "1990.??.??"]

1. d4 Nf6 2. c4 e6 3. Nf3 Bb4+ 4. Nbd2 b6 5. a3 Bxd2+ 6. Bxd2 Bb7 7. g3 O-O 8.
Bg2 d6 9. O-O Nbd7 10. b4 Qe7 11. Qc2 c5 12. dxc5 dxc5 13. Ne1 Bxg2 14. Nxg2
Rfc8 15. b5 a6 16. a4 a5 17. Rad1 Rd8 18. Bc3 Nf8 19. Rxd8 Rxd8 20. Rd1 Rxd1+
21. Qxd1 Qd7 22. Qd3 Qxd3 23. exd3 N8d7 24. f3 Ne8 25. Kf2 f6 26. Ke2 Nd6 27.
g4 Kf7 28. Be1 g5 29. f4 h6 30. Bg3 Ke7 31. Ne3 Ne8 32. h3 Nd6 33. Nd1 Nf7 34.
Nc3 Nd6 35. Kf3 f5 36. gxf5 exf5 37. Nd5+ Ke6 38. Nc7+ Ke7 39. Nd5+ Ke6 40. Be1
Ne8 41. Bd2 g4+ 42. hxg4 fxg4+ 43. Kxg4 Nef6+ 44. Nxf6 Nxf6+ 45. Kf3 Kf5 46.
Be3 h5 47. Bf2 Nd7 48. Bh4 Nf6 49. Bxf6 Kxf6 50. d4 cxd4 51. c5 Ke7 52. cxb6
Kd7 53. f5 1-0

[Event "BL 8990 Koblenz-Bamberg"]
[Site "?"]
[Date "1990.??.??"]
[Round "?.4"]
[White "Schulz, KJ."]
[Black "Kurz, A."]
[Result "1-0"]
[WhiteElo "2350"]
[BlackElo "2285"]
[PlyCount "65"]
[EventDate "1990.??.??"]

1. d4 Nf6 2. Nf3 g6 3. c4 Bg7 4. g3 O-O 5. Bg2 d5 6. cxd5 Nxd5 7. O-O Nc6 8.
Nc3 Nxc3 9. bxc3 e5 10. e3 Be6 11. Qc2 Qc8 12. Rd1 Bh3 13. d5 Ne7 14. e4 h6 15.
c4 Bxg2 16. Kxg2 f5 17. Bb2 fxe4 18. Qxe4 Qf5 19. Re1 Rae8 20. Qxf5 Rxf5 21.
Bxe5 Bxe5 22. Nxe5 Ref8 23. Nd3 R8f7 24. Re6 b5 25. cxb5 Rxd5 26. Ne5 Rg7 27.
a4 Kh7 28. Ng4 Rf5 29. Rae1 Nd5 30. R1e5 Rgf7 31. Rxd5 Rxd5 32. Nf6+ Rxf6 33.
Rxf6 1-0

[Event "BL 8990 Koblenz-Bamberg"]
[Site "?"]
[Date "1990.??.??"]
[Round "?.5"]
[White "Goehring, K."]
[Black "Bayer, E."]
[Result "1/2-1/2"]
[WhiteElo "2310"]
[BlackElo "2355"]
[PlyCount "92"]
[EventDate "1990.??.??"]

1. d4 d5 2. c4 e6 3. Nc3 Nf6 4. Nf3 Be7 5. Bg5 h6 6. Bh4 O-O 7. e3 b6 8. cxd5
Nxd5 9. Bxe7 Qxe7 10. Nxd5 exd5 11. Rc1 Be6 12. Be2 c5 13. b3 Nd7 14. O-O Rac8
15. Qd2 Qd6 16. Rfd1 Rfd8 17. Ba6 Rc7 18. Qb2 Nb8 19. Be2 Rdc8 20. Qa3 Qf8 21.
dxc5 bxc5 22. Rc3 a6 23. Rdc1 Nd7 24. Nd4 Nb8 25. h3 Qd6 26. Nxe6 fxe6 27. Qa4
Rc6 28. e4 d4 29. Rf3 Rf8 30. Rxf8+ Kxf8 31. f4 e5 32. fxe5 Qxe5 33. Rf1+ Rf6
34. Rxf6+ Qxf6 35. Qa5 Qd6 36. Bd3 Ke7 37. Qe1 Qf4 38. b4 Nc6 39. bxc5 Ne5 40.
Bxa6 d3 41. Bb5 d2 42. Qd1 Qe3+ 43. Kf1 Qf4+ 44. Kg1 Qe3+ 45. Kf1 Qf4+ 46. Kg1
Qe3+ 1/2-1/2

[Event "BL 8990 Porz-Regensburg"]
[Site "?"]
[Date "1990.??.??"]
[Round "?.1"]
[White "Meduna, E."]
[Black "Hort, V."]
[Result "1/2-1/2"]
[WhiteElo "2475"]
[BlackElo "2570"]
[PlyCount "30"]
[EventDate "1990.??.??"]

1. d4 Nf6 2. Nf3 d5 3. Bf4 c6 4. e3 Bg4 5. c4 Bxf3 6. gxf3 e6 7. Qb3 Qa5+ 8.
Nc3 Bb4 9. a3 Bxc3+ 10. Qxc3 Qxc3+ 11. bxc3 dxc4 12. Bxc4 Nd5 13. Bxb8 Rxb8 14.
Kd2 Ke7 15. a4 Rhe8 1/2-1/2

[Event "BL 8990 Porz-Regensburg"]
[Site "?"]
[Date "1990.??.??"]
[Round "?.2"]
[White "Christiansen, L."]
[Black "Gross, S."]
[Result "1-0"]
[WhiteElo "2555"]
[BlackElo "2435"]
[PlyCount "73"]
[EventDate "1990.??.??"]

1. c4 c5 2. Nf3 Nf6 3. Nc3 e6 4. g3 Be7 5. d4 cxd4 6. Nxd4 a6 7. Bg2 O-O 8. O-O
Qc7 9. e4 Nc6 10. Be3 Ne5 11. Rc1 d6 12. b3 Neg4 13. Bd2 Qc5 14. Nf3 Bd7 15. h3
Ne5 16. Ne1 Rac8 17. Kh2 Qa7 18. Be3 Qb8 19. f4 Ng6 20. c5 Rfd8 21. cxd6 Bxd6
22. Nd3 Bc6 23. Qe2 e5 24. f5 Nf8 25. g4 b5 26. g5 N6d7 27. Nf2 Bc5 28. Ng4 b4
29. Nd5 Bb5 30. Qf2 Bxf1 31. Rxf1 Bxe3 32. Qxe3 Rc2 33. Nh6+ gxh6 34. gxh6 Ng6
35. Qg5 Kh8 36. fxg6 fxg6 37. Qe7 1-0

[Event "BL 8990 Porz-Regensburg"]
[Site "?"]
[Date "1990.??.??"]
[Round "?.3"]
[White "Speckner, R."]
[Black "Miles, A."]
[Result "0-1"]
[WhiteElo "2235"]
[BlackElo "2580"]
[PlyCount "64"]
[EventDate "1990.??.??"]

1. e4 d6 2. d4 Nf6 3. Nc3 g6 4. Be3 Bg7 5. h3 O-O 6. Nf3 a6 7. a4 b6 8. e5 Nfd7
9. exd6 cxd6 10. Be2 Bb7 11. O-O Nc6 12. Qd2 Rc8 13. Bh6 Nf6 14. Bxg7 Kxg7 15.
Qe3 Nb4 16. Rac1 Rc7 17. Nd2 Qa8 18. Bf3 Rfc8 19. Rfe1 Bxf3 20. Nxf3 Qb7 21.
Qd2 Rc4 22. Re2 Nfd5 23. Nxd5 Nxd5 24. h4 Qd7 25. a5 b5 26. Ng5 Qf5 27. Ne4 Qf4
28. b3 Qxd2 29. Rxd2 R4c7 30. f3 f5 31. Ng5 Rc3 32. Kf2 Rxb3 0-1

[Event "BL 8990 Porz-Regensburg"]
[Site "?"]
[Date "1990.??.??"]
[Round "?.4"]
[White "Fleck, J."]
[Black "Mandl, Ro"]
[Result "1/2-1/2"]
[WhiteElo "2415"]
[BlackElo "2285"]
[PlyCount "62"]
[EventDate "1990.??.??"]

1. e4 e5 2. Nf3 Nc6 3. Bb5 a6 4. Ba4 d6 5. c3 Bd7 6. O-O g6 7. d4 Bg7 8. Be3
Nf6 9. Nbd2 O-O 10. dxe5 Nxe5 11. Nxe5 dxe5 12. Bc2 Qe7 13. Bg5 h6 14. Bh4 Rad8
15. Qe2 Bb5 16. Nc4 Qc5 17. Bb3 Rd6 18. Bxf6 Bxf6 19. a4 Bxc4 20. Qxc4 Qxc4 21.
Bxc4 Rd2 22. f4 Rxb2 23. fxe5 Bxe5 24. Rxf7 Rxf7 25. Rf1 Bxc3 26. Rxf7 Bd4+ 27.
Kf1 Kh8 28. Rf8+ Kh7 29. Rf7+ Kh8 30. Rf8+ Kh7 31. Rf7+ Kh8 1/2-1/2

[Event "BL 8990 Porz-Regensburg"]
[Site "?"]
[Date "1990.??.??"]
[Round "?.5"]
[White "Rother, C."]
[Black "Lutz, C."]
[Result "0-1"]
[WhiteElo "2360"]
[BlackElo "2410"]
[PlyCount "98"]
[EventDate "1990.??.??"]

1. e4 c5 2. Nf3 d6 3. d4 cxd4 4. Nxd4 Nf6 5. Nc3 a6 6. Bg5 e6 7. f4 Be7 8. Qf3
Qc7 9. O-O-O Nbd7 10. g4 b5 11. Bxf6 Nxf6 12. g5 Nd7 13. f5 Bxg5+ 14. Kb1 Ne5
15. Qh5 Qe7 16. Rg1 h6 17. fxe6 g6 18. exf7+ Kxf7 19. Qe2 Kg7 20. Nd5 Qd8 21.
Rd3 Ra7 22. Rdg3 Rf7 23. Bh3 Bxh3 24. Rxh3 Re8 25. Ra3 Nd7 26. h4 Bxh4 27. Qg4
Bg5 28. Ne6+ Rxe6 29. Qxe6 Nc5 30. Qg4 Qe8 31. Re3 Rf2 32. Ree1 Qe5 33. Rg2 Nd3
34. Qd7+ Rf7 35. Qxf7+ Kxf7 36. cxd3 Qd4 37. Rf1+ Kg7 38. Rf3 Qc5 39. a3 Qc1+
40. Ka2 Qd1 41. Rgf2 h5 42. Nc7 b4 43. d4 Bh4 44. Rf7+ Kh6 45. R2f3 Qxd4 46.
axb4 Qxb4 47. Nd5 Qa4+ 48. Ra3 Qxe4 49. Ra5 Bd8 0-1

[Event "BL 8990 Porz-Regensburg"]
[Site "?"]
[Date "1990.??.??"]
[Round "?.6"]
[White "Schoen, W."]
[Black "Jell, K."]
[Result "1-0"]
[WhiteElo "2360"]
[BlackElo "2240"]
[PlyCount "115"]
[EventDate "1990.??.??"]

1. d4 Nf6 2. c4 e6 3. Nc3 Bb4 4. Qc2 c5 5. dxc5 Nc6 6. Nf3 O-O 7. Bg5 h6 8. Bh4
Bxc5 9. e3 Be7 10. Be2 d6 11. O-O b6 12. Rfd1 Bb7 13. Qd2 Ne8 14. Bg3 a6 15.
Rac1 Rc8 16. e4 Nb8 17. Qe3 Qc7 18. b4 Nd7 19. Nd4 Ne5 20. Nb3 Nf6 21. f3 Rfd8
22. Na4 Nfd7 23. Bf2 a5 24. Nxb6 axb4 25. Nxc8 Rxc8 26. f4 Nc6 27. Qg3 Ra8 28.
Rc2 Ra3 29. Rcd2 Nb6 30. Be3 Kh8 31. Qf2 Na4 32. e5 d5 33. cxd5 exd5 34. Rxd5
Nc3 35. Rd7 Qc8 36. Bf3 Nxd1 37. Rxd1 Qa8 38. Rd2 Qc8 39. Rc2 Qe8 40. Qd2 Ra8
41. Bb6 Bf8 42. Qd3 Ba6 43. Qd5 Bb7 44. Qd1 Be7 45. Rd2 Ra3 46. Nc5 Ba8 47. Nb3
Bb7 48. Bc7 Qa8 49. Bd6 Bxd6 50. Rxd6 Qa4 51. Be4 g6 52. e6 f5 53. Qa1+ Kg8 54.
Rd7 Qa7+ 55. Kh1 Nd4 56. Bxb7 Rxb3 57. Bd5 Qc5 58. axb3 1-0

[Event "BL 8990 Porz-Regensburg"]
[Site "?"]
[Date "1990.??.??"]
[Round "?.7"]
[White "Schmid, G."]
[Black "Ostermeyer, P."]
[Result "1/2-1/2"]
[WhiteElo "2315"]
[BlackElo "2465"]
[PlyCount "76"]
[EventDate "1990.??.??"]

1. e4 c5 2. c3 d5 3. exd5 Qxd5 4. d4 e6 5. Nf3 Nf6 6. Be2 cxd4 7. cxd4 Nc6 8.
O-O Be7 9. Nc3 Qd8 10. Be3 O-O 11. Ne5 Nb4 12. Bg5 Nbd5 13. Bd3 Nd7 14. Bd2
Nxc3 15. Bxc3 Nf6 16. Qf3 Nd5 17. Be4 Qd6 18. Rfe1 f5 19. Bxd5 Qxd5 20. Qxd5
exd5 21. Ng6 hxg6 22. Rxe7 Rd8 23. Bd2 Bd7 24. Ba5 b6 25. Bd2 Be8 26. Rc1 Rd7
27. Rxd7 Bxd7 28. Rc7 Be8 29. Bf4 a6 30. Be5 Bf7 31. h4 b5 32. Kh2 Re8 33. Kg3
Re6 34. Kf4 Rb6 35. Rc8+ Kh7 36. Rc7 Kg8 37. Rc8+ Kh7 38. Rc7 Kg8 1/2-1/2